000 00848nam a22002657a 4500
001 BR8502501
003 BR-BrBNA
005 20230928092151.0
007 ta
008 230509b bl.||||| |||| 00| 0 por d
040 _aBR-BrBNA
_bpor
_cBiblioteca Nacional de Agricultura
041 _a(Por)
072 _aH10
_b4020
_b0430
_b/G514
090 _ 4020 BR8502501
110 1 _aSecretaria Nacional de Defesa Agropecuaria, Brasilia, DF (Brasil). Secretaria de Defesa Sanitaria Vegetal
_99194
245 1 _aO bicudo do algodoeiro no Brasil. 2. Informativo Tecnico
260 3 _aBrasilia, DF (Brasil):
_c1985.
300 _a19 p.
500 _a1 map, scale 34 x 28 cm; 1 map, scale 30 x 18 cm; 1 map, scale 26 x 7 cm
650 _aALGODAO
650 _aBICUDO
650 _aERRADICACAO
909 _a202309
_bLucia
_c55
_dLucia Elande
942 _cBK
999 _c37483
_d37483